Kto nahral tieto piesne - raperi (SK/CZ) - Statistics

General Stats
  • This quiz has been taken 4 times
  • The average score is 10 of 20
Answer Stats
Piesne Raper % Correct
Hannah Montana / Asgard / Safír Calin
100%
Píšem vety / Pandúri / Čierna vdova Boy Wonder
75%
Pa Pa / Noc v opere / Známky života Gleb
75%
Teď tady / Upgrade / Hranice Ektor
50%
Užívam si to / Nikto / Nejsi jediná Kali
50%
Stále sme len deti / Ruka na volante / Obyčajní chalani Nerieš
50%
Bílá a Černá / Scale to Fit / Sedm Nik Tendo
50%
Peroxid / Pompeje / Inverzia Pil C
50%
Euphoria / Veľa ginu ráno hlad / Sportswear Radikal Chef
50%
Sunset / Reťaze / OG Separ
50%
Loading / Tak ti treba / Samouk Strapo
50%
Mráz / Mlha / Nostalgie Viktor Sheen
50%
Žijem pre moment / Tandem / Budem tam Vladis
50%
Jedna Dva / Rodinnej typ / Selfmade Yzomandias
50%
Terapia na Beate / Hudba / Zakázané ovocie Delik
25%
Jar Leto Jeseň / Robím to čo chcem / Môj Band Ego
25%
Mám to Rád / Magnet / Talizman Majself
25%
Návraty / La Familia / Proud Paulie Garand
25%
Poznamenaný / Kdo? / Česká Floriida Robin Zoot
25%
Nech sa darí / Empatia / Čarodej Suvereno
25%
No matching quizzes found
Score Distribution
Percent of People with Each Score
Percentile by Number Answered
Your Score History
You have not taken this quiz